All MCU Films - Statistics

General Stats
  • This quiz has been taken 78 times
    61 since last reset
  • The average score is 22 of 24
Answer Stats
Year Movie % Correct
2011 Captain America: The First Avenger
100%
2008 Iron Man
100%
2010 Iron Man 2
100%
2013 Iron Man 3
100%
2019 Avengers: Endgame
98%
2018 Avengers: Infinity War
98%
2014 Captain America: The Winter Soldier
98%
2012 The Avengers
98%
2015 Ant-Man
95%
2014 Guardians of the Galaxy
95%
2019 Spider-Man: Far From Home
95%
2008 The Incredible Hulk
95%
2018 Ant-Man and the Wasp
93%
2011 Thor
93%
2013 Thor: The Dark World
93%
2015 Avengers: Age of Ultron
90%
2016 Captain America: Civil War
90%
2018 Black Panther
88%
2019 Captain Marvel
88%
2016 Doctor Strange
88%
2017 Thor: Ragnarok
88%
2017 Spider-Man: Homecoming
85%
2021 Black Widow
83%
2017 Guardians of the Galaxy Vol. 2
80%
No matching quizzes found
Score Distribution
Percent of People with Each Score
Percentile by Number Answered
Your Score History
You have not taken this quiz since the last reset